Notas informativas ilustradas, referentes a la Villa de Belmonte de la provincia de Cuenca / (Record no. 85473)

MARC details
000 -LEADER
campo de control de longitud fija 00591nam a2200169 i 4500
001 - NÚMERO DE CONTROL
campo de control 85473
003 - IDENTIFICADOR DE NÚMERO DE CONTROL
campo de control ES-MaACL
005 - FECHA Y HORA DE LA ÚLTIMA TRANSACCIÓN
campo de control 20230906175241.0
007 - CAMPO FIJO DE DESCRIPCIÓN FÍSICA--INFORMACIÓN GENERAL
campo de control de longitud fija t|
008 - DATOS DE LONGITUD FIJA--INFORMACIÓN GENERAL
campo de control de longitud fija 041128s1952 sp ||||1| spa d
100 1# - ENTRADA PRINCIPAL--NOMBRE DE PERSONA
Nombre de persona Jurado Prieto, Ruperto.
9 (RLIN) 67328
245 10 - MENCIÓN DEL TÍTULO
Título Notas informativas ilustradas, referentes a la Villa de Belmonte de la provincia de Cuenca /
Mención de responsabilidad, etc. por Ruperto Jurado Prieto.
260 ## - PUBLICACIÓN, DISTRIBUCIÓN, ETC.
Lugar de publicación, distribución, etc. Palma de Mallorca :
Nombre del editor, distribuidor, etc. [s.n.,
Fecha de publicación, distribución, etc. 1952] (
Fabricante Independencia)
300 ## - DESCRIPCIÓN FÍSICA
Extensión 51 p., 2 lám. :
Otras características físicas il. ;
Dimensiones 21 cm.
651 #4 - PUNTO DE ACCESO ADICIONAL DE MATERIA--NOMBRE GEOGRÁFICO
Nombre geográfico Belmonte-
Subdivisión general Descripción.
9 (RLIN) 157643
852 ## - LOCALIZACIÓN
Ubicación ES-MaACL
Número de control de estantería 1942-F-7
Sublocalización o colección R.32803
Holdings
Estatus retirado Estado de pérdida Estado de daño No para préstamo Colección Biblioteca de origen Biblioteca actual Ubicación en estantería Fecha de adquisición Fuente de adquisición Total de préstamos Signatura topográfica completa Código de barras Visto por última vez Precio de reemplazo Tipo de ítem Koha
        Colección de folletos Biblioteca del Ateneo de Madrid Biblioteca del Ateneo de Madrid Depósito folletos 17/01/2008     1942-F-7 1089316 23/02/2023 23/02/2023 Folleto